000 01471nam a22003977a 4500
003 CHAP
005 20220817042056.0
008 971013s1988 r 00010 d
010 _a33790
011 _a34762
035 _a38878
040 _cCHAP
090 _aTesis
100 0 0 _aMejía Sánchez, Noé.
_974289
245 _aPrincipales fuentes de inestabilidad del ingreso de los productores de maíz, frijol, sorgo y algodón durante el período, 1960-1987
260 _aChapingo, Méx. :
_bEl autor,
_c1988
300 _ac.a. 149 h
502 _aTesis (Ing. Agr. Esp. en Economía Agrícola) -- UACH. Departamento de Economía Agrícola
590 _aALEPH
_b10
_c20130110
_lUCH01
_h1258
590 _aBATCH-UPD
_b10
_c20130110
_lUCH01
_h0258
590 _aBATCH-UPD
_b10
_c20130110
_lUCH01
_h1519
590 _aBATCH-UPD
_b10
_c20130409
_lUCH01
_h2329
590 _aBATCH-UPD
_b10
_c20130410
_lUCH01
_h1400
590 _aBATCH-UPD
_b10
_c20130914
_lUCH01
_h0827
590 _aCONVERSION
_b10
_c20130109
_lUCH01
_h1319
650 1 4 _aAgricultura
_xTrabajadores
_xMexico.
_91867
650 1 4 _aAlgodon
_xAspectos economicos
_xMexico.
_93974
650 1 4 _aCampesinado
_zMéxico.
650 1 4 _aFrijol
_xAspectos económicos
_xMéxico.
_943333
650 1 4 _aIngresos.
_958362
650 1 4 _aMaíz
_xAspectos económicos
_xMéxico.
_970874
650 1 4 _aSorgo
_xAspectos económicos.
_9108629
901 _aBK
942 _cTESIS
949 _bBC
_cTES
_d-88799
_eTS1
_h20905
_i38878
_si
999 _c33790
_d33790